|
|
|
|
| LEADER |
00000cam a2200000 a 4500 |
| 001 |
27192 |
| 005 |
20230308155232.0 |
| 008 |
959090|1959 ||||||||r|||||||||||spa|| |
| 040 |
|
|
|b spa
|
| 041 |
1 |
|
|a spa
|
| 082 |
0 |
|
|a 335.4
|b O78b
|
| 100 |
1 |
|
|a Osorio Lizarazo, J. A.
|9 10494
|
| 245 |
3 |
3 |
|a El bacilo de Marx
|c J. A. Osorio Lizarazo
|h imp
|
| 264 |
|
|
|a Trujillo
|b La Nación
|c 1959
|
| 300 |
|
|
|a 256 páginas:
|c 24 cm
|
| 504 |
|
|
|a incl. ref.
|
| 650 |
|
0 |
|a Marxismo
|9 7394
|
| 852 |
|
|
|a UC-CDJBV
|c ESTANTERIA CERRADA
|f Donación
|k margarita.gutierrez
|l 1
|m General
|p 19590907
|q 1.00
|r 2
|t 27192
|b 0
|d CDRC
|e CDRC
|g 335.4 O78b ESTANTERIA CERRADA
|z 1959-90-90
|
| 942 |
|
|
|c BK
|
| 999 |
|
|
|c 5047
|d 5047
|